000 01336cam a22003497a 4500
003 CHAP
005 20220817043839.0
008 020731d2001 mx abd r 00110 spa d
010 _a86018
011 _a86990
020 _a9688392987
035 _a97531
040 _cCHAP
082 0 4 _a301.35
_bQ8
100 0 0 _aQuispe Limaylla, Aníbal.
_993540
245 1 0 _aExperiencias de vinculación de proyectos de desarrollo rural con programas estatales:
_blogros, limitaciones, retos y oportunidades
_c/por Aníbal Quispe Limaylla y Leobardo Jiménez Sánchez
260 _aMontecillos, Méx. :
_bColegio de Postgraduados,
_c2001
300 _a107 p. :
_bilus. ; mapa ; cuadros
590 _aBATCH-UPD
_b10
_c20130110
_lUCH01
_h0957
590 _aBATCH-UPD
_b10
_c20130410
_lUCH01
_h0609
590 _aBATCH-UPD
_b10
_c20130914
_lUCH01
_h1156
590 _aCONVERSION
_b10
_c20130109
_lUCH01
_h1348
650 1 4 _aDesarrollo rural.
_932067
650 1 4 _aPolítica agrícola
_zMéxico.
650 1 4 _aProyectos de desarrollo.
_992528
700 0 _aJiménez Sánchez, Leobardo.
_961653
901 _aBK
905 _aMarco A. Mendoza T.
942 _cLIBRO
949 _a301.35 Q8
_bBC
_cLIBRO
_d33724000878203
_eLIBRO
_fc.2
_gI.c/e
_h103075
_i97531
_sb
_t$40.00
949 _a301.35 Q8
_bBC
_cUACH
_d33724000869970
_eUACH
_gI.c/e
_h102862
_i97531
_sb
_t$40.00
999 _c86018
_d86018